000
00309nam a22001337a 4500
008
170327b xxu||||| |||| 00| 0 eng d
020
_a
9780803612433
041
_a
eng
080
_2
4TH
_a
615.83
100
_a
8
101
_a
SHM
245
_a
CLINICAL KINESIOLOGY AND ANATOMY
_c
LIPPERT, L.S
942
_2
udc
_c
BK
999
_c
8707
_d
8707